Matrimonio y violación : (Registro nro. 2417)

000 -CABECERA
campo de control de longitud fija 00950nam a2200217 4500
005 - FECHA Y HORA DE LA ÚLTIMA TRANSACCIÓN
campo de control 20210914231132.0
008 - DATOS DE LONGITUD FIJA--INFORMACIÓN GENERAL
campo de control de longitud fija 210914s1997 pe |||fr|||| 001 0 spa d
040 ## - FUENTE DE LA CATALOGACIÓN
Centro catalogador/agencia de origen CENDOC CAAAP
Lengua de catalogación spa
Centro/agencia transcriptor CAAAP
041 ## - CÓDIGO DE LENGUA
Código de lengua del texto/banda sonora o título independiente spa
050 ## - SIGNATURA TOPOGRÁFICA DE LA BIBLIOTECA DEL CONGRESO
Número de clasificación HQ 71
Número de documento/Ítem M43
100 1# - ENTRADA PRINCIPAL--NOMBRE DE PERSONA
9 (RLIN) 4058
Nombre personal Merino Lucero, Beatriz
245 ## - MENCIÓN DE TÍTULO
Título Matrimonio y violación :
Subtitulo el debate del artículo 178° del Código Penal Peruano /
Mención de responsabilidad, etc. Beatriz Merino Lucero
250 ## - MENCIÓN DE EDICIÓN
Mención de edición 1ra ed.
260 ## - PUBLICACIÓN, DISTRIBUCIÓN, ETC.
Lugar de publicación, distribución, etc. Lima:
Nombre del editor, distribuidor, etc. Movimiento Manuela Ramos,
Fecha de publicación, distribución, etc. 1997
300 ## - DESCRIPCIÓN FÍSICA
Extensión 154 p.
505 ## - NOTA DE CONTENIDO CON FORMATO
Nota de contenido con formato Contiene : Nuestro testimonio --La necesidad de un cambio -- El largo recorrido de la propuesta -- No estamos solas: el logro de una meta -- Nuestro análisis -- Tratamiento jurídico del matrimonio como eximente de responsabilidad penal --El debate jurídico, sus alcances y perspectivas -- Anexos.
650 10 - PUNTO DE ACCESO ADICIONAL DE MATERIA--TÉRMINO DE MATERIA
9 (RLIN) 1174
Término de materia o nombre geográfico como elemento de entrada Matrimonio
650 20 - PUNTO DE ACCESO ADICIONAL DE MATERIA--TÉRMINO DE MATERIA
9 (RLIN) 3355
Término de materia o nombre geográfico como elemento de entrada Derechos de la Mujer
651 #0 - PUNTO DE ACCESO ADICIONAL DE MATERIA--NOMBRE GEOGRÁFICO
9 (RLIN) 12
Nombre geográfico Perú
942 ## - ELEMENTOS PERSONALIZADOS KOHA
Fuente del sistema de clasificación o colocación
Fecha de catalogación 15 - 09 - 21
Tipo de ítem Koha Libros
Existencias
Fuente del sistema de clasificación o colocación Localización permanente Ubicación/localización actual Fecha de adquisición Número de inventario Total de préstamos Signatura LC Fecha visto por última vez Tipo de ítem Koha
  CENTRO DE DOCUMENTACIÓN (CENDOC) CENTRO DE DOCUMENTACIÓN (CENDOC) 09/14/2021 002715   HQ 71 | M43 09/14/2021 Libros
Centro de Documentación CAAAP | AV. Manuel González Prada 626, Magdalena del Mar | (51-1) 4615223 Anexo 205 y 209 | cendoc@caaap.org.pe